Stanovenie vybraných parametrov a intenzifikácia procesov odstraňovania dusíka v odpadových vodách - vybrané problémy denitrifikácie s anoxickou granulovanou biomasou dizertačná práca

Saved in:
Bibliographic Details
Main Author: Galbová, Katarína
Format: Book
Language:Slovak
Published: Bratislava STU FCHPT 2011
Online Access:View in OPAC
Tags: Add Tag
No Tags, Be the first to tag this record!

MARC

LEADER 00000nam a2200000 a 4500
005 20260127134330.0
008 150121 2011 000 0 slo d
035 |a vtls010648553 
039 9 |a 201501211450  |b mschk03  |y 201501211447  |z mschk03 
040 |a STUSCHK1  |b slo  |c STUSCHK1  |e AACR2 
100 1 |a Galbová, Katarína 
245 1 |a Stanovenie vybraných parametrov a intenzifikácia procesov odstraňovania dusíka v odpadových vodách - vybrané problémy denitrifikácie s anoxickou granulovanou biomasou  |b dizertačná práca  |c Katarína Galbová 
260 |a Bratislava  |b STU FCHPT  |c 2011 
300 |a 85 s.  |b il.  |c 30 cm 
500 |a Študijný program a odbor: chemické inžinierstvo 
500 |a Školiace pracovisko: Odd. environmentálneho inžinierstva 
504 |a Obsahuje literatúru 
910 |a SCHK95 
999 |c 10075  |d 10075